Los amigos y el viento /
Kaydedildi:
| Yazar: | |
|---|---|
| Materyal Türü: | Bilinmiyor |
| Dil: | Spanish |
| Baskı/Yayın Bilgisi: |
San José, Costa Rica :
Editorial Costa Rica,
1978.
|
| Konular: | |
| Etiketler: |
Etiketle
Etiket eklenmemiş, İlk siz ekleyin!
|
MARC
| LEADER | 000000000a22000000004500 | ||
|---|---|---|---|
| 001 | 008144 | ||
| 041 | 0 | |a spa | |
| 082 | 0 | 4 | |a CR863.4 |b G893a |
| 100 | 1 | |a Grütter Jiménez, Virginia, |d 1929-2000 | |
| 245 | 1 | 4 | |a Los amigos y el viento / |c Virginia Grütter Jiménez. |
| 260 | 1 | |a San José, Costa Rica : |b Editorial Costa Rica, |c 1978. | |
| 300 | |a 87 páginas | ||
| 650 | 4 | |a LITERATURA COSTARRICENSE | |
| 650 | 4 | |a NOVELA | |
| 999 | |c 13745 |d 13745 | ||
| 942 | |c BK |h CR863.4 G893a |2 z | ||
